000
00337nam a2200157Ia 4500
100
_a
Anderson Don
250
_a
2
942
_c
BK
654
_a
computer
245
_a
Pentium Processor Systems Architecture
260
_b
Addison Wesly
_a
Mumbai
_c
1995
082
_a
4.165
_b
AND
300
_a
433
546
_a
ENGLISH
999
_c
22046
_d
22046